Statistics for 15 BIGGEST CITIES IN CASTILLA Y LEÓN

Click here to take the quiz!

General Stats

  • This quiz has been taken 96 times
  • The average score is 12 of 15

Answer Stats

Pop.Answer% Correct
132.744León
99%
313.437Valladolid
99%
153.472Salamanca
97%
59.008Ávila
96%
179.251Burgos
96%
55.220Segovia
96%
81.552Palencia
95%
39.987Soria
95%
65.525Zamora
92%
68.408Ponferrada
84%
33.229Aranda de Duero
74%
21.607Medina del Campo
70%
38.930Miranda de Ebro
67%
31.562Benavente
42%
22.334Laguna de Duero
34%

Score Distribution

Percentile by Number Answered

Percent of People with Each Score

Your Score History

You have not taken this quiz